01179nam a22002055i 4500001000700000003000900007005001700016008004100033040002000074100005600094245010200150250001200252260006300264300002100327500014500348596015000493852018300643999001900826952012800845173796ES-MaACL20250824063057.0100120s1862 sp |||| | spa d aCAM bspa cCAM1 aLarra y Wetoret, Luis Mariano de,d1830-190197028914aLos lazos de la familia b: drama en tres actos y en verso / coriginal de Luis Mariano de Larra. a2ª ed. aMadrid : b[s.n.], c1862 (fImprenta de José Rodriguez) a76 p. ; c18 cm. aEn port.: Representado por primera vez en el Teatro del Circo, á beneficio del primer actor Joaquín Arjona, el día 4 de marzo de 1859. aEn verso de la port. consta: "Los comisionados de las Galerías Dramáticas y Líricas de Gullon e Hidalgo, son los exclusivos encargados ..." aES-MaACLjF-8609(10) z.- Enc. pasta española q.- Falto de la cub. originalz.- Enc. en un vol. facticio formando parte de la col. facticia "Teatro español moderno", vol. 64 c173796d173796 001040708LIBXIXaATENEOMbATENEOMcSPP2d2010-01-20eSCl0oF-8609(10)p1182426r2023-02-23 00:00:00w2023-02-23yMONANT